[Event "Stay Safe Play From Home 199"]
[Site "T#646564Emanuel Laske"]
[Date "2020.06.04"]
[Round "6"]
[White "Tobo Rubirosa"]
[Black "KLIND"]
[Result "0-1"]
[WhiteElo "1457"]
[BlackElo "1829"]
[Annotator "NA RC"]
[PlyCount "56"]
[EventDate "2020.06.04"]
[EventType "swiss (blitz)"]

1. e4 {[%emt 0:00:03]} d5 {[%emt 0:00:01]} 2. exd5 {[%emt 0:00:02]} Qxd5 {[%emt 0:00:00]} 3. c4 {[%emt 0:00:01]} Qd8 {[%emt 0:00:00]} 4. d4 {[%emt 0:00:02]} Nf6 {[%emt 0:00:00]} 5. Nc3 {[%emt 0:00:01]} Bg4 {[%emt 0:00:00]} 6. Qb3 {[%emt 0:00:02]} Qc8 {[%emt 0:00:02]} 7. Bg5 {[%emt 0:00:02]} Nc6 {[%emt 0:00:01]} 8. Bxf6 {[%emt 0:00:02]} exf6 {[%emt 0:00:02]} 9. d5 {[%emt 0:00:03]} Nd4 {[%emt 0:00:01]} 10. Qa4+ {[%emt 0:00:02]} c6 {[%emt 0:00:04]} 11. dxc6 {[%emt 0:00:02]} bxc6 {[%emt 0:00:00]} 12. Nd5 {[%emt 0:00:02]} Bb4+ {[%emt 0:00:05]} 13. Nxb4 {[%emt 0:00:04]} Qe6+ {[%emt 0:00:02]} 14. Be2 {[%emt 0:00:04]} Nxe2 {[%emt 0:00:03]} 15. Qxc6+ {[%emt 0:00:01]} Qxc6 {[%emt 0:00:01]} 16. Nxc6 {[%emt 0:00:03]} Nxg1 {[%emt 0:00:00]} 17. Rxg1 {[%emt 0:00:03]} O-O {[%emt 0:00:00]} 18. Kd2 {[%emt 0:00:02]} Rfc8 {[%emt 0:00:01]} 19. Na5 {[%emt 0:00:03]} Rc5 {[%emt 0:00:02]} 20. b4 {[%emt 0:00:02]} Rxc4 {[%emt 0:00:01]} 21. Nxc4 {[%emt 0:00:02]} Rd8+ {[%emt 0:00:00]} 22. Kc3 {[%emt 0:00:02]} Be6 {[%emt 0:00:01]} 23. Rgd1 {[%emt 0:00:03]} Rc8 {[%emt 0:00:00]} 24. Rd4 {[%emt 0:00:01]} h5 {[%emt 0:00:01]} 25. Rad1 {[%emt 0:00:01]} g6 {[%emt 0:00:01]} 26. Rd8+ {[%emt 0:00:00]} Rxd8 {[%emt 0:00:01]} 27. Rxd8+ {[%emt 0:00:00]} Kg7 {[%emt 0:00:00]} 28. Nd6 {[%emt 0:00:02]} Bxa2 {[%emt 0:00:01] Tiempo (Lag: Av=0.65s, max=1.1s)} 0-1

[Event "Stay Safe Play From Home 199"]
[Site "T#646564Emanuel Laske"]
[Date "2020.06.04"]
[Round "6"]
[White "Rk1966"]
[Black "Cirovicz"]
[Result "1-0"]
[WhiteElo "1441"]
[BlackElo "1903"]
[Annotator "NA RC"]
[PlyCount "79"]
[EventDate "2020.06.04"]
[EventType "swiss (blitz)"]

1. e4 {[%emt 0:00:02]} e5 {[%emt 0:00:01]} 2. f4 {[%emt 0:00:01]} Nc6 {[%emt 0:00:00]} 3. Nf3 {[%emt 0:00:01]} exf4 {[%emt 0:00:00]} 4. Bc4 {[%emt 0:00:01]} d6 {[%emt 0:00:00]} 5. d4 {[%emt 0:00:01]} Bg4 {[%emt 0:00:01]} 6. c3 {[%emt 0:00:01]} Bxf3 {[%emt 0:00:01]} 7. Qxf3 {[%emt 0:00:01]} Nf6 {[%emt 0:00:00]} 8. Bxf4 {[%emt 0:00:01]} Qd7 {[%emt 0:00:01]} 9. Nd2 {[%emt 0:00:01]} Qg4 {[%emt 0:00:01]} 10. O-O-O {[%emt 0:00:03]} Qxf3 {[%emt 0:00:01]} 11. gxf3 {[%emt 0:00:01]} O-O-O {[%emt 0:00:00]} 12. Rdg1 {[%emt 0:00:01]} h6 {[%emt 0:00:02]} 13. Bg3 {[%emt 0:00:02]} g5 {[%emt 0:00:01]} 14. f4 {[%emt 0:00:02]} Nh5 {[%emt 0:00:02]} 15. fxg5 {[%emt 0:00:01]} Nxg3 {[%emt 0:00:01]} 16. Rxg3 {[%emt 0:00:01]} hxg5 {[%emt 0:00:01]} 17. Rxg5 {[%emt 0:00:02]} Bh6 {[%emt 0:00:01]} 18. Rg2 {[%emt 0:00:02]} Bxd2+ {[%emt 0:00:01]} 19. Kxd2 {[%emt 0:00:01]} Rdg8 {[%emt 0:00:01]} 20. Rxg8+ {[%emt 0:00:03]} Rxg8 {[%emt 0:00:01]} 21. Bxf7 {[%emt 0:00:00]} Rg2+ {[%emt 0:00:01]} 22. Kd3 {[%emt 0:00:03]} Rxb2 {[%emt 0:00:02]} 23. h4 {[%emt 0:00:02]} Nd8 {[%emt 0:00:03]} 24. Bg6 {[%emt 0:00:04]} Ne6 {[%emt 0:00:02]} 25. h5 {[%emt 0:00:01]} Rxa2 {[%emt 0:00:02]} 26. Bf5 {[%emt 0:00:01]} Kd7 {[%emt 0:00:03]} 27. Bxe6+ {[%emt 0:00:01]} Kxe6 {[%emt 0:00:01]} 28. h6 {[%emt 0:00:00]} c5 {[%emt 0:00:03]} 29. h7 {[%emt 0:00:00]} c4+ {[%emt 0:00:01]} 30. Kxc4 {[%emt 0:00:01]} b5+ {[%emt 0:00:01]} 31. Kd3 {[%emt 0:00:01]} b4 {[%emt 0:00:01]} 32. h8=Q {[%emt 0:00:02]} bxc3 {[%emt 0:00:01]} 33. Qg8+ {[%emt 0:00:01]} Kd7 {[%emt 0:00:01]} 34. Qxa2 {[%emt 0:00:01]} Kc6 {[%emt 0:00:01]} 35. Qxa7 {[%emt 0:00:01]} d5 {[%emt 0:00:01]} 36. Kxc3 {[%emt 0:00:01]} dxe4 {[%emt 0:00:01]} 37. Qa8+ {[%emt 0:00:00]} Kb5 {[%emt 0:00:02]} 38. Qxe4 {[%emt 0:00:00]} Ka4 {[%emt 0:00:01]} 39. Qd5 {[%emt 0:00:01]} Ka3 {[%emt 0:00:01]} 40. Qa5# {[%emt 0:00:01] (Lag: Av=0.69s, max=3.4s)} 1-0

[Event "Stay Safe Play From Home 199"]
[Site "T#646564Emanuel Laske"]
[Date "2020.06.04"]
[Round "7"]
[White "SoulofWolf"]
[Black "Mepe_Nika"]
[Result "0-1"]
[WhiteElo "2149"]
[BlackElo "2288"]
[Annotator "TA"]
[PlyCount "130"]
[EventDate "2020.06.04"]
[EventType "swiss (blitz)"]

{[%evp 9,130,-24,32,-3,10,8,12,-14,-6,-72,-18,-12,-15,-25,-23,-29,-21,-15,-25,-43,23,25,39,43,32,-6,-8,-12,131,3,304,83,155,35,104,104,108,97,193,-285,364,375,367,375,402,274,430,345,359,277,364,230,250,191,191,0,328,308,316,250,435,361,1266,258,359,360,423,416,553,537,1245,545,501,-29998,687,654,616,637,633,605,633,607,1111,1069,1353,446,1313,1276,1244,1077,29979,-29985,-29986,-29985,-29986,-29986,-29987,-29990,-29991,-29992,-29990,-29992,-29991,-29992,-29992,-29993,-29992,-29994,-29993,-29993,-29992,-29992,-29992,-29993,0,-29992,-29992,-29992,-29992,-29994,-29992,-29993,-29992]} 1. c4 c6 2. e3 d5 3. Nf3 g6 4. b3 Bg7 5. Nc3 Nf6 (5... dxc4 $11 6. Bb2 (6. bxc4 Bxc3 7. dxc3 Qxd1+ 8. Kxd1 Nf6 $15) (6. Bxc4 $2 b5 $17) 6... cxb3) 6. cxd5 {A11: English Opening: 1...c6.} cxd5 7. d4 Nc6 {[#]} 8. Bd2 $146 {The position is equal.} ({Predecessor:} 8. g3 Bg4 9. Bg2 O-O 10. h3 Bf5 11. O-O Rc8 12. Bb2 Qa5 13. Nh4 Rfd8 14. g4 Bd7 {0-1 (45) Mitran,M (1624)-Cornil,E (1985) Niel 2017}) 8... O-O 9. Bd3 (9. Be2 $11 {keeps the balance.}) 9... a6 ({Black should try} 9... Bg4 $17 10. Be2 Bxf3 11. gxf3 e5 12. dxe5 Nxe5) 10. O-O Bg4 11. h3 Bxf3 12. Qxf3 e5 13. dxe5 Nxe5 14. Qe2 Nxd3 ({Better is} 14... d4 $15 15. exd4 Qxd4) 15. Qxd3 $11 Qe7 16. Rfd1 Rad8 17. a4 Ne4 18. Rac1 Qg5 (18... Nxd2 $11 19. Qxd2 d4) 19. Be1 (19. Nxe4 $16 dxe4 20. Qxe4) 19... Qf5 $2 {[%mdl 8192]} (19... Nc5 $11 20. Qc2 d4 21. exd4 Rxd4) 20. Ne2 $2 (20. Nxd5 $18 {and the rest is easy. aiming for Ne7+.} Kh8 21. f3) 20... Bf6 (20... Rfe8 $142) 21. Nd4 (21. f3 $16) 21... Qg5 ({Black should play} 21... Qd7 $14) 22. Nf3 $36 {[%mdl 2048] White is really pushing.} Qh5 23. Rc7 Kg7 (23... Rc8 $16 {keeps fighting.} 24. Rdc1 Rxc7 25. Rxc7 Bd8) 24. Rxb7 $4 {[%mdl 8192]} (24. Bb4 $18 {and life is good for White.}) 24... Ng5 $4 {[%mdl 8192]} (24... Nc5 $19 25. Qf1 Nxb7) 25. Nxg5 $18 Qxg5 26. Qxa6 d4 27. Qb5 Qh4 (27... Qxb5 {was called for.} 28. Rxb5 (28. axb5 dxe3 29. Rdd7 e2 $16) 28... dxe3 29. Rxd8 Rxd8) 28. exd4 Bxd4 29. Qe2 Rfe8 30. Qf1 Qf6 31. Rb5 Re6 32. Ba5 $2 (32. Bd2 $18) 32... Rde8 $2 {[%mdl 8192]} (32... Bxf2+ $1 $11 33. Kh1 Rxd1 34. Qxd1 Re3) 33. Rd5 Be5 34. Bd2 Bb8 $2 (34... Bf4 {was worth a try.} 35. Ba5 Re2) 35. Be3 {[#] And now Bd4 would win.} Qc3 $2 (35... Kg8 36. b4 Qc3) 36. R5d3 $2 (36. Bd4+ Qxd4 37. R5xd4) 36... Qb4 37. Qe1 Qe4 38. Qd2 Qf5 39. Rd5 Qh5 40. Qc3+ (40. Rxh5 $142 gxh5 41. Qd4+ Kg8 42. Qh4) 40... Be5 41. Bd4 $4 {[%mdl 8192]} (41. Qc4 $18) 41... Kg8 $4 {[%mdl 8192]} (41... Qxd1+ {avoids the disaster.} 42. Qe1 Qxe1#) 42. Bxe5 Rxe5 43. Rxe5 {[%cal Re5e8]} Qxd1+ {[%mdl 4096] Endgame KQR-KQR} 44. Kh2 {[%cal Re5e8]} Qd6 45. f4 Rxe5 46. fxe5 {KQ-KQ} Qe6 47. Qg3 (47. b4 $142 h5 48. Qd4) 47... Kg7 (47... Qb6 $142 48. Qc3 Kf8) 48. b4 {[%cal Bb3b4,Bb4b5][%mdl 32]} f5 49. b5 f4 50. h4 $4 {[%mdl 8192]} (50. Qxf4 {is the narrow road to win.} Qc8 {[#]} 51. e6 $1 {[%mdl 512]} g5 52. Qxg5+ Kh8 53. Qe5+ Kg8 54. b6 h5 55. e7) 50... fxg3+ 51. Kxg3 Qb3+ 52. Kh2 Qxa4 53. g3 Qxb5 54. h5 Qb6 55. h6+ Kg8 56. Kh3 Kf8 57. e6 Ke8 58. e7 Qe6+ 59. g4 Qxe7 60. Kg3 Qf7 61. Kh3 Qe7 62. Kg3 $1 Qd7 {Black mates.} 63. Kh3 Qd6 64. Kh4 Qd5 65. g5 Qd4+ {What a fight! Accuracy: White = 33%, Black = 23%.} 0-1

[Event "Stay Safe Play From Home 199"]
[Site "T#646564Emanuel Laske"]
[Date "2020.06.04"]
[Round "7"]
[White "Weltszmerc"]
[Black "Broken sword"]
[Result "0-1"]
[WhiteElo "2102"]
[BlackElo "2430"]
[Annotator "TA"]
[PlyCount "90"]
[EventDate "2020.06.04"]
[EventType "swiss (blitz)"]

{[%evp 9,90,9,52,31,41,0,0,0,70,73,148,0,43,23,21,21,21,-23,0,0,0,-30,4,0,30,8,14,0,18,0,31,29,39,12,19,10,14,15,73,73,73,68,68,68,83,83,77,47,47,47,111,111,119,0,10,-12,-12,-12,-12,-17,-17,-17,-18,-19,-27,-27,-41,-48,-43,-1029,-978,-886,-935,-5481,-929,-29984,-29985,-29985,-29986,-29986,-29987,-29987,-29988]} 1. d4 d5 2. c4 c6 3. Nf3 Nf6 4. g3 Bf5 5. Bg2 dxc4 6. O-O {D11: Slav Defence: 3 Nf3 sidelines and 3...Nf6 4 e3 Bg4.} Nbd7 7. Nbd2 Nb6 $1 8. Re1 {[#] The position is equal.} Ne4 $146 (8... e6 $11) ({Predecessor:} 8... e6 9. a3 Ne4 10. Nxe4 Bxe4 11. Ne5 Bxg2 12. Kxg2 Bd6 13. f4 O-O 14. Qc2 Bxe5 15. dxe5 {1-0 (29) Vasquez Vargas,H (1994)-Orrego Palermo,M (1594) Guayaquil 2019}) 9. Nh4 $1 $14 {[%cal Rh4f5]} Nxd2 ({Black should try} 9... Nd6) 10. Bxd2 ({White has to play} 10. Nxf5 $16 c3 11. bxc3) 10... Bg6 11. Ba5 {[%mdl 1024] White has compensation.} e6 12. e4 Be7 13. Nf3 O-O 14. Ne5 Bf6 15. f4 Bxe5 (15... c5 $5) 16. dxe5 Qxd1 17. Raxd1 Rfd8 18. Kf2 h6 19. Ke3 Kf8 20. Bf1 Ke8 21. Bxb6 axb6 22. Bxc4 b5 23. Bb3 Bh5 (23... Ke7 $11 {remains equal.}) 24. Rxd8+ $1 $16 Rxd8 {[%mdl 4096] Endgame [#] KRB-KRB} 25. h3 $1 Bg6 26. g4 Ke7 27. f5 Bh7 28. Rd1 Rxd1 29. Bxd1 $14 {KB-KB} f6 (29... g5 $14) 30. exf6+ $16 Kxf6 {[%cal Re6f5] [#]} 31. Kf4 (31. Kd4 $1 $16) 31... e5+ 32. Ke3 Bg8 33. a3 $1 Kg5 {Threatens to win with ...Kh4.} 34. Kf3 $1 Kh4 35. Kg2 Bc4 36. Bf3 Bd3 37. Kh2 $1 Bf1 38. Bg2 Be2 39. b4 $2 {[%mdl 8192] Now White is beyond hope.} (39. Bh1 $15) 39... Bd1 40. Bf1 Bf3 41. Bg2 Be2 (41... Bxg2 $142 42. Kxg2 b6) 42. Bf1 Bxf1 {Black mates.} 43. Kg1 Bxh3 44. Kf2 Bxg4 45. f6 gxf6 {Accuracy: White = 68%, Black = 69%.} 0-1

[Event "Stay Safe Play From Home 199"]
[Site "T#646564Emanuel Laske"]
[Date "2020.06.04"]
[Round "7"]
[White "Haxhi Baha"]
[Black "Trotsky"]
[Result "1-0"]
[WhiteElo "2001"]
[BlackElo "1598"]
[Annotator "TA"]
[PlyCount "57"]
[EventDate "2020.06.04"]
[EventType "swiss (blitz)"]

{[%evp 11,57,34,41,37,100,45,54,61,92,32,18,14,115,117,209,211,214,199,214,209,212,218,322,339,365,364,731,345,408,344,433,427,559,379,647,-983,685,689,29992,29991,29992,29993,29998,29999,29999,29999,29999,29999]} 1. e4 c5 2. Nf3 Nc6 3. d4 cxd4 4. Nxd4 e6 5. Nc3 d6 6. Be3 Nf6 7. f4 {B80: Sicilian Scheveningen: 6 g3 and 6 Be3, including English Attack.} (7. Qd2 {seems wilder.} Be7 8. f3 O-O 9. O-O-O d5 10. Be2) 7... Nxd4 ({Black should try} 7... Be7 $14) 8. Bxd4 (8. Qxd4 $16 Ng4 9. Bg1) 8... a6 $14 9. Qf3 {White is slightly better.} Be7 {[#]} 10. h3 $146 (10. O-O-O $16) ({Predecessor:} 10. O-O-O Qc7 11. Bd3 O-O 12. e5 Nd7 13. Qe4 g6 14. h4 d5 15. Qe3 Bc5 16. Ne2 Bxd4 17. Nxd4 {1-0 (29) Lastin,A (2611)-Zaynutdinov,I (1973) Samara 2011}) 10... Qc7 11. O-O-O b6 {[#]} (11... b5 $11 {remains equal.}) 12. g4 $1 $36 {[%mdl 2048] White is really pushing.} Bb7 (12... O-O $16) 13. g5 $18 Nd7 14. Bxg7 Rg8 15. Bd4 b5 16. a3 {[%cal Ba2a3,Ba3b4][%mdl 32]} Qa5 (16... O-O-O {was necessary.} 17. h4 Kb8) 17. h4 b4 18. axb4 Qa1+ $2 (18... Qxb4 19. Qh5 Nf8) 19. Nb1 (19. Kd2 $142 Qxb2 20. Rb1 Qxb1 21. Nxb1) 19... Qa4 20. Bc3 d5 21. exd5 Bxb4 22. Bh3 Nc5 $2 (22... O-O-O 23. Bxb4 Qxb4 24. Qc3+ Qxc3 25. Nxc3 Rge8) 23. dxe6 $4 {[%mdl 8192]} (23. f5 $18) 23... Nb3+ $4 {[%mdl 8192]} (23... Bxf3 $19 24. Rd4 Bxh1 25. Rxb4 Qc6 26. exf7+ Kxf7) 24. cxb3 Qxb3 25. exf7+ {White mates.} Kxf7 26. Qxb7+ {[%mdl 64] [#] Double Attack} Kg6 27. f5+ Kh5 28. Qf3+ Kxh4 29. Bg2+ {Accuracy: White = 56%, Black = 17%.} 1-0

[Event "Stay Safe Play From Home 199"]
[Site "T#646564Emanuel Laske"]
[Date "2020.06.04"]
[Round "7"]
[White "Castlingarrocco"]
[Black "MarkonY"]
[Result "0-1"]
[WhiteElo "2000"]
[BlackElo "2309"]
[Annotator "TA"]
[PlyCount "134"]
[EventDate "2020.06.04"]
[EventType "swiss (blitz)"]

{[%evp 11,134,12,8,-29,-16,-27,-25,-25,-14,-28,-10,-24,5,-2,18,-19,18,15,22,0,0,-103,-109,-105,-112,-104,19,-12,-10,-17,-16,-18,0,-72,-68,-100,-80,-89,-85,-108,-82,-127,-124,-145,-125,-156,-107,-143,-97,-104,-82,-107,-114,-108,-115,-367,-113,-163,-141,-248,-208,-193,-184,-173,-95,-99,-101,-129,-91,-131,-119,-335,-15,-20,-29,-29,8,-919,-153,-457,-447,-1121,-1003,-881,-377,-361,-194,-165,-8,-8,-8,-8,0,-235,-10,-47,0,0,0,0,0,0,0,0,0,0,0,-4627,0,0,0,0,0,0,0,0,0,0,0,0,0,0,0,0,0]} 1. Nc3 c5 2. Nf3 g6 3. d4 Bg7 4. e4 cxd4 5. Nxd4 Nc6 6. Nxc6 bxc6 7. f3 {B34: Sicilian: Accelerated Dragon with 5 Nc3: sidelines.} (7. Bc4 {is more complex.} Qa5 8. Bd2 Nf6 9. Bb3 O-O 10. O-O) 7... d6 8. Bd2 Nf6 {[#]} 9. Bd3 $146 {Black has an edge.} ({Predecessor:} 9. g4 e5 10. h4 h5 11. g5 Nh7 12. Qe2 O-O 13. O-O-O Be6 14. Bh3 f5 15. gxf6 Qxf6 16. Bxe6+ Qxe6 17. Be3 a5 18. Bd2 {0-1 (18) Amado,A-Velasco,J Cali 2012}) 9... O-O 10. Qe2 Rb8 11. Rb1 c5 12. O-O Be6 13. Nd1 Qc7 14. c4 Nd7 15. Nc3 Ne5 16. Nd5 (16. b3 $11 {remains equal.}) 16... Bxd5 $1 $17 17. exd5 Nxd3 18. Qxd3 e5 (18... Bd4+ $17 19. Kh1 Rxb2 20. Rxb2 Bxb2) 19. Bc3 f5 20. Qe2 a5 21. b3 a4 22. g4 (22. bxa4 $11 {keeps the balance.} e4 23. Qd2) 22... axb3 23. axb3 Rf7 24. gxf5 Rxf5 25. Qe4 Rbf8 26. Rf2 Bh6 27. Rbf1 Bf4 28. Rg2 Qe7 29. b4 cxb4 30. Bxb4 Kh8 31. c5 dxc5 32. Bc3 Qd6 33. Qc4 $2 {[%mdl 8192]} (33. Kh1 $17) 33... Kg8 $2 (33... Be3+ $19 {is more deadly.} 34. Kh1 Rxf3 35. Rxf3 Rxf3) 34. Re2 Rg5+ 35. Rg2 (35. Kh1 $17) 35... Rxg2+ 36. Kxg2 Rd8 37. Rd1 {[#]} h5 (37... Be3 $1 $19 38. Be1 Bd4) 38. Qe4 Kh7 39. Kh1 Kh6 40. Rg1 Qf6 41. d6 $2 (41. Be1 $17 {keeps fighting.}) 41... Qf5 $2 ({Resist} 41... Qxd6 42. Ba5 $19) (41... Rxd6 $19 {Threatens to win with ...Qh4!} 42. Be1 Rd4) 42. Qxf5 $11 gxf5 {[%mdl 4096] Endgame KRB-KRB} 43. Rd1 $1 {Black should prevent d7.} e4 44. Bf6 $2 {[%mdl 8192]} (44. d7 $11 e3 45. Kg2) 44... Rd7 $2 (44... Rxd6 $19 45. Rxd6 Bxd6 46. fxe4 fxe4) 45. Be7 $2 (45. fxe4 $17 {was the crucial defense.} fxe4 46. Re1) 45... exf3 $19 46. Kg1 (46. Rf1 $142 Bxd6 47. Bxd6 Rxd6 48. Rxf3) 46... Be3+ 47. Kf1 Bd4 (47... Kg6 $142 48. Bh4 f4) 48. Rd3 Kg6 (48... f2 $142 49. Bh4 Rxd6 50. Bxf2 Kg5 51. Rg3+ Kf4) 49. Rxf3 c4 $2 (49... Be5 $19 {And now ...c4 would win.} 50. Rd3 Bxh2) 50. Rf4 $1 $11 {[%cal Rf4d4]} Be5 51. Rxc4 Kf7 ({Don't take} 51... Bxd6 52. Bxd6 Rxd6 53. Ke2 $17) 52. Rc7 $2 (52. Rh4 $11) 52... Ke6 $2 ({Black should try} 52... Rxc7 $19 53. dxc7 Bxc7) 53. Rc8 Bxd6 54. Bxd6 Rxd6 $15 {KR-KR} 55. Rh8 Ke5 56. Rxh5 Ke4 57. Kf2 f4 58. Rh4 Rd2+ 59. Kg1 $2 {[%mdl 8192]} (59. Ke1 $11 Rd4 60. Rh3) 59... Kf3 $2 (59... Ke3 $19 60. h3 f3) 60. h3 $11 {The position is equal.} Rd1+ 61. Kh2 Rd2+ 62. Kg1 Kg3 {[%cal Rd2d1] [#]} 63. Rg4+ Kxh3 64. Rxf4 Kg3 65. Rf1 Rg2+ 66. Kh1 Rh2+ 67. Kg1 Rh5 {[%mdl 32768] Accuracy: White = 47%, Black = 54%. . Loss on time!?} 0-1

[Event "Stay Safe Play From Home 199"]
[Site "T#646564Emanuel Laske"]
[Date "2020.06.04"]
[Round "7"]
[White "Chesstiger9"]
[Black "Rk1966"]
[Result "1-0"]
[WhiteElo "1978"]
[BlackElo "1473"]
[Annotator "NA RC"]
[PlyCount "69"]
[EventDate "2020.06.04"]
[EventType "swiss (blitz)"]

1. d4 {[%emt 0:00:01]} d5 {[%emt 0:00:02]} 2. Nf3 {[%emt 0:00:01]} Nc6 {[%emt 0:00:01]} 3. e3 {[%emt 0:00:01]} Nf6 {[%emt 0:00:01]} 4. Bd3 {[%emt 0:00:01]} Bg4 {[%emt 0:00:01]} 5. Nbd2 {[%emt 0:00:01]} e6 {[%emt 0:00:02]} 6. h3 {[%emt 0:00:01]} Bh5 {[%emt 0:00:01]} 7. O-O {[%emt 0:00:01]} Bd6 {[%emt 0:00:02]} 8. Re1 {[%emt 0:00:01]} Qd7 {[%emt 0:00:01]} 9. c3 {[%emt 0:00:01]} Bg6 {[%emt 0:00:04]} 10. Bxg6 {[%emt 0:00:02]} hxg6 {[%emt 0:00:00]} 11. e4 {[%emt 0:00:01]} dxe4 {[%emt 0:00:01]} 12. Nxe4 {[%emt 0:00:01]} Nxe4 {[%emt 0:00:01]} 13. Rxe4 {[%emt 0:00:01]} Ne7 {[%emt 0:00:01]} 14. Re1 {[%emt 0:00:01]} Nd5 {[%emt 0:00:01]} 15. c4 {[%emt 0:00:02]} Nf6 {[%emt 0:00:01]} 16. a3 {[%emt 0:00:02]} O-O-O {[%emt 0:00:01]} 17. b4 {[%emt 0:00:01]} c6 {[%emt 0:00:03]} 18. c5 {[%emt 0:00:01]} Bc7 {[%emt 0:00:01]} 19. Bg5 {[%emt 0:00:02]} Rh7 {[%emt 0:00:04]} 20. a4 {[%emt 0:00:03]} Rdh8 {[%emt 0:00:01]} 21. b5 {[%emt 0:00:01]} e5 {[%emt 0:00:05]} 22. dxe5 {[%emt 0:00:02]} Rxh3 {[%emt 0:00:02]} 23. Qxd7+ {[%emt 0:00:02]} Kxd7 {[%emt 0:00:01]} 24. gxh3 {[%emt 0:00:00]} Rxh3 {[%emt 0:00:02]} 25. Kg2 {[%emt 0:00:01]} Rh8 {[%emt 0:00:02]} 26. exf6 {[%emt 0:00:01]} gxf6 {[%emt 0:00:01]} 27. Rad1+ {[%emt 0:00:01]} Kc8 {[%emt 0:00:03]} 28. Bxf6 {[%emt 0:00:01]} cxb5 {[%emt 0:00:04]} 29. Bxh8 {[%emt 0:00:01]} bxa4 {[%emt 0:00:02]} 30. Be5 {[%emt 0:00:01]} Bxe5 {[%emt 0:00:01]} 31. Nxe5 {[%emt 0:00:01]} b6 {[%emt 0:00:00]} 32. Rd7 {[%emt 0:00:01]} bxc5 {[%emt 0:00:02]} 33. Rxf7 {[%emt 0:00:01]} a5 {[%emt 0:00:01]} 34. Nc6 {[%emt 0:00:00]} a3 {[%emt 0:00:00]} 35. Re8# {[%emt 0:00:01] (Lag: Av=0.31s, max=0.9s)} 1-0

[Event "Stay Safe Play From Home 199"]
[Site "T#646564Emanuel Laske"]
[Date "2020.06.04"]
[Round "7"]
[White "Cirovicz"]
[Black "Lamborghini"]
[Result "1-0"]
[WhiteElo "1871"]
[BlackElo "2174"]
[Annotator "TA"]
[PlyCount "65"]
[EventDate "2020.06.04"]
[EventType "swiss (blitz)"]

{[%evp 9,64,0,3,4,31,0,0,-18,39,16,91,26,80,0,603,604,571,129,125,126,114,101,154,141,170,121,148,34,163,95,219,230,222,137,140,144,184,197,222,213,1019,243,1007,273,1172,315,314,276,580,587,564,575,620,571,29998,29999,29999]} 1. e4 g6 2. Nf3 Bg7 3. Bc4 e6 4. d4 Ne7 5. d5 O-O {[#]} 6. dxe6 $146 {B06: Modern Defence.} ({Predecessor:} 6. O-O d6 7. dxe6 Bxe6 8. Bxe6 fxe6 9. Ng5 Qd7 10. Qg4 Rf6 11. e5 Rf5 12. exd6 cxd6 {½-½ (43) Oberling,R-Maes,P (2068) Germany 2011}) 6... dxe6 7. Qxd8 (7. O-O {is interesting.} c5 8. c3 Qc7 9. Bg5 b6 10. Qe2) 7... Rxd8 8. Nc3 {The position is equal.} c6 (8... c5 $11) 9. Bg5 f6 (9... Kf8 $11) 10. Bh4 (10. Be3 $16) 10... Kf7 (10... b5 $11 {keeps the balance.} 11. Bb3 a5) 11. Rd1 (11. e5 $16) 11... b5 $2 {[%mdl 8192]} (11... Rxd1+ $11 12. Nxd1 b5) 12. Rxd8 $18 bxc4 13. Rxc8 $2 (13. e5 $18 {and White stays clearly on top.} g5 14. exf6 gxh4 15. fxg7 Kxg7 16. Ng5) 13... Nxc8 $16 14. e5 $1 Nd7 15. exf6 Bxf6 (15... Nxf6 $142 16. Ng5+ Kg8) 16. Bxf6 Nxf6 17. O-O Nd5 {[#]} 18. Ne5+ (18. Ne4 $1 $16) 18... Kg7 (18... Kf6 $14 19. Nxc4 Nxc3) 19. Nxc6 ({But not} 19. Nxc4 $6 Nxc3 20. bxc3 Nb6 $16) (19. Ne4 $18) 19... Nd6 {[#]} (19... Nxc3 $16 {was called for.} 20. bxc3 Kf6) 20. Nxd5 $1 $18 exd5 {[%mdl 4096] Endgame KRN-KRN} 21. Ne7 d4 22. Nc6 Nf5 23. g4 Nh4 24. Nxd4 Rd8 $2 (24... Rb8 25. b3 Kf6) 25. c3 $2 (25. Ne6+ Kf6 26. Nxd8) 25... a5 $2 (25... Rb8 26. b4 Re8) 26. f4 $2 (26. Ne6+ Kf6 27. Nxd8) 26... a4 $2 (26... Rb8 27. b3 h5) 27. Kf2 $2 (27. Ne6+ Kf6 28. Nxd8) 27... Rb8 28. Kg3 g5 $2 (28... Rxb2 {is more resistant.} 29. Kxh4 Rxh2+ 30. Kg3 Rxa2) 29. fxg5 Ng6 30. h4 Ne5 31. h5 Rxb2 32. Ne6+ Kg8 33. Rf8# {Accuracy: White = 42%, Black = 15%.} 1-0

[Event "Stay Safe Play From Home 199"]
[Site "T#646564Emanuel Laske"]
[Date "2020.06.04"]
[Round "7"]
[White "Matanant"]
[Black "KLIND"]
[Result "0-1"]
[WhiteElo "1615"]
[BlackElo "1832"]
[Annotator "NA RC"]
[PlyCount "60"]
[EventDate "2020.06.04"]
[EventType "swiss (blitz)"]

1. e4 {[%emt 0:00:04]} d5 {[%emt 0:00:05]} 2. exd5 {[%emt 0:00:01]} Qxd5 {[%emt 0:00:02]} 3. c4 {[%emt 0:00:01]} Qd8 {[%emt 0:00:00]} 4. Nc3 {[%emt 0:00:02]} Nf6 {[%emt 0:00:00]} 5. d4 {[%emt 0:00:01]} g6 {[%emt 0:00:00]} 6. Nf3 {[%emt 0:00:02]} Bg7 {[%emt 0:00:00]} 7. Be2 {[%emt 0:00:01]} O-O {[%emt 0:00:00]} 8. O-O {[%emt 0:00:02]} Bg4 {[%emt 0:00:01]} 9. h3 {[%emt 0:00:01]} Bxf3 {[%emt 0:00:01]} 10. Bxf3 {[%emt 0:00:01]} c6 {[%emt 0:00:01]} 11. Bg5 {[%emt 0:00:02]} Nbd7 {[%emt 0:00:01]} 12. Qd2 {[%emt 0:00:01]} Qa5 {[%emt 0:00:01]} 13. Rfe1 {[%emt 0:00:03]} Rad8 {[%emt 0:00:01]} 14. Rxe7 {[%emt 0:00:03]} h6 {[%emt 0:00:02]} 15. Bh4 {[%emt 0:00:03]} g5 {[%emt 0:00:01]} 16. Bg3 {[%emt 0:00:01]} Rfe8 {[%emt 0:00:02]} 17. Rae1 {[%emt 0:00:02]} Rxe7 {[%emt 0:00:01]} 18. Rxe7 {[%emt 0:00:01]} Rf8 {[%emt 0:00:01]} 19. Bd6 {[%emt 0:00:05]} Re8 {[%emt 0:00:01]} 20. Qe3 {[%emt 0:00:04]} Rxe7 {[%emt 0:00:03]} 21. Qxe7 {[%emt 0:00:04]} Qb6 {[%emt 0:00:04]} 22. c5 {[%emt 0:00:06]} Qxb2 {[%emt 0:00:01]} 23. Ne4 {[%emt 0:00:02]} Qb1+ {[%emt 0:00:02]} 24. Kh2 {[%emt 0:00:01]} Nxe4 {[%emt 0:00:02]} 25. Bxe4 {[%emt 0:00:01]} Qxe4 {[%emt 0:00:00]} 26. Qxe4 {[%emt 0:00:02]} Nf6 {[%emt 0:00:00]} 27. Qe7 {[%emt 0:00:00]} Nd5 {[%emt 0:00:01]} 28. Qd8+ {[%emt 0:00:01]} Kh7 {[%emt 0:00:01]} 29. Bf8 {[%emt 0:00:00]} Bf6 {[%emt 0:00:02]} 30. Bg7 {[%emt 0:00:01]} Bxd8 {[%emt 0:00:02] Time (Lag: Av=0.55s, max=0.9s)} 0-1